000
00239nam a22000857a 4500
008
170620b xxu||||| |||| 00| 0 eng d
100
_9
3573
_a
Sushong,S.C
245
_a
Radiologic Science for Technologists class 9
260
_a
Mosby
_b
Elsevier
_c
2008
999
_c
6959
_d
6959